[Event "Nikaia op 21st"]
[Site "Nikaia"]
[Date "2013.08.30"]
[Round "5"]
[White "Giordos, Vasilios"]
[Black "Bellos, Evangelos"]
[Result "1-0"]
[WhiteElo "1939"]
[BlackElo "1675"]
[PlyCount "29"]
[EventDate "2013.08.26"]
[EventType "swiss"]
[EventRounds "9"]
[EventCountry "GRE"]
[SourceTitle "CBM 156 Extra"]
[Source "ChessBase"]
[SourceDate "2013.10.22"]
[SourceVersion "1"]
[SourceVersionDate "2013.10.22"]
[SourceQuality "1"]

1. e4 Nf6 2. e5 Nd5 3. d4 d6 4. Nf3 dxe5 5. Nxe5 g6 6. Bc4 Bg7 7. Nxf7 Kxf7 8. Qf3+ Bf6 9. Bxd5+ Kg7 10. c3 c6 11. Bb3 Rf8 12. Qe2 e5 13. dxe5 Re8 14. f4 g5 15. 0-0 1-0

[Event "Nikaia op 21st"]
[Site "Nikaia"]
[Date "2013.08.28"]
[Round "3"]
[White "Drakoulakos, Grigorios"]
[Black "Bellos, Evangelos"]
[Result "1-0"]
[WhiteElo "1925"]
[BlackElo "1675"]
[PlyCount "115"]
[EventDate "2013.08.26"]
[EventType "swiss"]
[EventRounds "9"]
[EventCountry "GRE"]
[SourceTitle "CBM 156 Extra"]
[Source "ChessBase"]
[SourceDate "2013.10.22"]
[SourceVersion "1"]
[SourceVersionDate "2013.10.22"]
[SourceQuality "1"]

1. Nf3 d5 2. c4 d4 3. e3 Nc6 4. exd4 Nxd4 5. Nxd4 Qxd4 6. Nc3 Bd7 7. d3 Nf6 8. Be3 Qg4 9. Qd2 e6 10. h3 Qg6 11. 0-0-0 Bb4 12. a3 Bxc3 13. Qxc3 a6 14. Be2 Bc6 15. Bf3 Bxf3 16. gxf3 Nh5 17. Qb4 0-0-0 18. Qc5 Qf5 19. Qxf5 exf5 20. Kc2 Rhe8 21. Rhe1 Re6 22. f4 Rde8 23. Rg1 g6 24. Kc3 Nf6 25. b3 c6 26. Ra1 Kc7 27. a4 b6 28. Rge1 Kb7 29. Rg1 Rd8 30. Rad1 Red6 31. Rge1 Ne4+ 32. Kc2 Nf6 33. Bc1 Re6 34. Rxe6 fxe6 35. Re1 Re8 36. Bb2 Nh5 37. Be5 c5 38. Kc3 Kc6 39. b4 h6 40. h4 Rf8 41. a5 b5 42. bxc5 Kxc5 43. d4+ Kc6 44. Rb1 Nf6 45. Bxf6 Rxf6 46. cxb5+ axb5 47. Kb4 Rf8 48. Rc1+ Kd5 49. a6 Kxd4 50. Re1 Kd5 51. Kxb5 Rb8+ 52. Ka5 Rb2 53. Re5+ Kd6 54. Rb5 Rxf2 55. Kb6 Rxf4 56. a7 Ra4 57. Ra5 Rb4+ 58. Ka6 1-0

[Event "Nikaia op 17th"]
[Site "Nikaia"]
[Date "2009.08.22"]
[Round "1"]
[White "Grigoriadis, Alexandros"]
[Black "Bellos, Evangelos"]
[Result "1-0"]
[WhiteElo "2338"]
[BlackElo "1527"]
[PlyCount "49"]
[EventDate "2009.08.22"]
[EventType "swiss"]
[EventRounds "9"]
[EventCountry "GRE"]
[SourceTitle "CBM 132 Extra"]
[Source "ChessBase"]
[SourceDate "2009.11.03"]
[SourceVersion "1"]
[SourceVersionDate "2009.11.03"]
[SourceQuality "1"]

1. Nf3 d5 2. d4 Nf6 3. c4 dxc4 4. Qa4+ Nc6 5. e3 Bd7 6. Qxc4 e6 7. Nc3 Be7 8. e4 Na5 9. Qe2 0-0 10. Be3 Ng4 11. Bd2 c5 12. e5 f6 13. h3 cxd4 14. hxg4 dxc3 15. Bxc3 fxe5 16. Qxe5 Bf6 17. Qxa5 Qxa5 18. Bxa5 Bxb2 19. Rb1 Bf6 20. g5 Be7 21. Bd3 b6 22. Bxh7+ Kf7 23. Ne5+ Ke8 24. Bg6+ Kd8 25. Rd1 1-0